000 00276nam a22001097a 4500
082 _a621 HOU'T
100 _aHOUGHTON, E. L,BROCK, A. E
_978484
245 _aTABLES FOR THE COMPRESSIBLE FLOW OF DRY AIR
260 _aLONDON
_bEDWARD ARNOLD
_c1969
300 _a64P
942 _cBK
999 _c583600
_d583600